=LDR 00000nam 2200000 4500 =001 INLIS000000000038922 =005 20130612144559 =008 ***********************************ind** =035 ##$$0010-061300000038922 =041 ##$$a ind =082 ##$$a 641.5 =090 ##$$a 641.5, Che c =100 ##$$a CHANDHAWATI =245 ##$$a Chinese food/ Chendhawati;Editor, Intarina hardiman, Yudho asmoro =260 ##$$a 2010 $b Jakarta =300 ##$$a 54 Hlm, Ilus, 2010 =650 ##$$a MASAKAN-RESEP =700 ##$$a HARDIMAN, Intarina =850 ##$$a NBPNMAT